Vincent Van Gogh 1853 - 1890 : (Record no. 23318)

000 -CABECERA
fixed length control field 00893nam a22002417i 4500
003 - IDENTIFICADOR DEL NÚMERO DE CONTROL
control field AR-CdUCM
008 - DATOS DE LONGITUD FIJA--INFORMACIÓN GENERAL
fixed length control field 250716b20112011 pe||||| |||| 00| 0 spa d
020 ## - NÚMERO INTERNACIONAL ESTÁNDAR DEL LIBRO
ISBN 978-607-7965-35-0
040 ## - FUENTE DE LA CATALOGACIÓN
Agencia/entidad que catalogó originalmente la obra MUNICIPALIDAD PROVINCIAL DEL CUSCO
Entidad que transcribió la catalogación BIBLIOTECA MUNICIPAL DEL CUSCO
082 ## - NÚMERO DE LA CLASIFICACIÓN DECIMAL DEWEY
No. de Clasificación 750. 985 / W19
Notacion interna W19
100 ## - ENTRADA PRINCIPAL--NOMBRE DE PERSONA
Nombre Personal Walther, Ingo F.
245 ## - MENCIÓN DE TÍTULO
Título Vincent Van Gogh 1853 - 1890 :
Resto del título Visión y realidad /
260 ## - PUBLICACIÓN, DISTRIBUCIÓN, ETC.
Lugar de publicación, distribución, etc. Mexico :
Nombre de la editorial, distribuidor, etc. Editorial Cordillera
Fecha de publicación, distribución, etc. 2011
300 ## - DESCRIPCIÓN FÍSICA
Nº de Páginas Extensión 95 páginas. :
Otros detalles físicos Ilustraciones
Dimensiones 25x20 cm.
505 ## - NOTA DE CONTENIDO CON FORMATO
Nota de contenido formateada El inicio en Holanda -- Amberes y París -- Explosión del color -- La pintura como razón de vida -- Vincent van Gogh vida y obra
650 ## - PUNTO DE ACCESO ADICIONAL DE MATERIA--TÉRMINO DE MATERIA
Descriptor Años de aprendizaje
9 (RLIN) 51234
650 ## - PUNTO DE ACCESO ADICIONAL DE MATERIA--TÉRMINO DE MATERIA
Descriptor Explosion del color
9 (RLIN) 51235
650 ## - PUNTO DE ACCESO ADICIONAL DE MATERIA--TÉRMINO DE MATERIA
Descriptor Pintura raon de vida
9 (RLIN) 51236
856 ## - LOCALIZACIÓN Y ACCESO ELECTRÓNICOS
Dirección electrónica www.taschen.com
942 ## - ELEMENTOS DE PUNTO DE ACCESO ADICIONAL (KOHA)
Fuente de clasificación
Tipo de item Libros-BMC
945 ## - PROCESAMIENTO DE INFORMACIÓN LOCAL (OCLC)
Catalogador pbjr
AAAA-MM-DD - Fecha de ingreso o modificacion 16-07-2025
Holdings
Estado de retiro (separado) Fuente de clasificación o esquema de estanterías Estado dañado Ubicación Sala donde se ubica Nombre de la colección Fecha de adquisición o compra Fuente de adquisición Costo, precio normal en soles Signatura topográfica Código de Barras Última vez visto (Koha) Tipo de ítem (Koha)
No     Sala Artes Sala Artes Book Cart 2025-07-16 Donación 15.00 750. 985 / W19 SA0000000786 2025-07-16 Libros-BMC

Powered by Koha